CAFTA TLC: potencial competitivo de los sectores productivos de Centroamérica /

Este documento constituye el estudio realizado por el Centro Internacional para el Desarrollo Humano (CIDH) sobre la apertura de mercados comerciales en Centroamérica. Se analizaron los factores de competitividad que presentan los países de la región, lo cual se complementó con el análisis de los ni...

詳細記述

保存先:
書誌詳細
第一著者: Nowalski, Jorge
共著者: Centro Internacional para el Desarrollo Humano, CIDH
その他の著者: Osterlof, Doris
フォーマット: テキスト
出版事項: San José : CIDH
主題:
タグ: タグ追加
タグなし, このレコードへの初めてのタグを付けませんか!

MARC

LEADER 00000 a a2200000 04500
001 30822
003
040 |a CRAI/IIS  |c CRAI/IIS 
020 |a 9968-9441-6-5  
022 |a 9968-9441-6-5  
090 |a 0001 N946cf  
100 |a Nowalski, Jorge  
110 |a Centro Internacional para el Desarrollo Humano  
245 |a CAFTA TLC: potencial competitivo de los sectores productivos de Centroamérica /  |c Centro Internacional para el Desarrollo Humano  
260 |a San José :   |b CIDH  
300 |a 66 p.  
500 |a Este documento fue elaborado para el Banco Centroamericano de Integración Económica (BCIE)  
520 |a Este documento constituye el estudio realizado por el Centro Internacional para el Desarrollo Humano (CIDH) sobre la apertura de mercados comerciales en Centroamérica. Se analizaron los factores de competitividad que presentan los países de la región, lo cual se complementó con el análisis de los niveles de dinamismo de los sectores productivos, el cual indica que el peso de los esfuerzos comerciales se ha centrado básicamente en el desarrollo de nuevos productos de exportación orientados hacia terceros países, principalmente Estados Unidos y en el turismo. Se arguye que con el cierre de la negociación de CAFTA se vislumbra cuáles son los sectores que tienen mayor potencial para aprovechar el tratado, cuáles, en tanto sectores sensibles, requieren de políticas especiales para poder enfrentar el libre comercio con Estados Unidos  
650 |a TLC  
650 |a LIBERALIZACION ECONOMICA  
650 |a LIBERALIZACION DEL INTERCAMBIO  
650 |a ACUERDOS ECONOMICOS  
650 |a AMERICA CENTRAL  
650 |a PROMOCION DE LAS EXPORTACIONES  
650 |a VENTAJA COMPARATIVA  
650 |a DESARROLLO ECONOMICO  
700 |a Osterlof, Doris  
710 |a CIDH  
999 |c 3879  |d 3879